| 000 | 01640nam a2200241Ia 4500 | ||
|---|---|---|---|
| 003 | Ost | ||
| 005 | 20260507075630.0 | ||
| 008 | 260507s9999||||xx |||||||||||||| ||und|| | ||
| 020 | _a9789947782088 | ||
| 040 | _cfsecg | ||
| 041 | _aara | ||
| 082 | _a657 | ||
| 100 |
_aعباسي، صابر _eمؤلف |
||
| 245 | 0 |
_aمشاكل محاسبية معاصرة / _c صابر عباسي |
|
| 246 | _aContemporary accounting problems | ||
| 260 |
_aالجزائر: _bالنشر الجامعي الجديد, _c2021 |
||
| 300 |
_a234 صفحة؛ _bجداول _c24 سم |
||
| 504 | _aمراجع ص.2015- 230 | ||
| 520 | _aالسياسات المحاسبية ، التغيرات في التقديرات المحاسبية والأخطاء، والمحاسبة عن العقود طويلة الأجل، ومحاسبة الموارد البشرية وأهمية رأس المال الفكري والافصاح عنه في المؤسسة الاقتصادية، بالاضافة الى محاسبة خسيل الأموال، ومحاسبة المسؤولية الاجتماعية ومحاسبة التضخم كذلك محاسبة الأداء البيئي مع مفهوم التكاليف البيئية، بالاضافة الى محاسبة القيمة العادلة، ومفهومها في الفكر المحاسبي ، ومحاسبة التقلبات في أسعار صرف العملات الأجنبية، وأخيرا معايير المحاسبة والمراجعة في المؤسسات المالية الاسلامية. | ||
| 653 | _aالمحاسبة | ||
| 700 |
_aزنودة، ايمان _eمؤلف ثانوي |
||
| 942 | _cكتاب | ||
| 999 |
_c45189 _d45189 |
||